| 000 | 00449cam a2200169ua 4500 | ||
|---|---|---|---|
| 003 | OSt | ||
| 008 | 241218b |||||||| |||| 00| 0 eng d | ||
| 041 | _aeng | ||
| 082 |
_a621.3121 _bRIC/CO |
||
| 100 |
_aRichardson, R.C.H . _96509 |
||
| 245 | _aCommissioning of electrical plant / | ||
| 250 | _a1 / | ||
| 260 |
_aMumbai : _bAsia Publishing House , _c1962. |
||
| 300 | _a452 ; . | ||
| 490 | 0 | _aMonographs on electrical engineering, | |
| 942 | _cBK | ||
| 999 |
_c1942 _d1942 |
||